00727nam a2200241 a 4500001001300000003000900013005001700022008004100039020000900080082001700089100002200106245004200128260004600170300000800216500003500224505003000259650002400289700002200313902000800335942000700343952011800350999001700468nice12345678IN_TiNIC20260116015200.0050524s1997 hyda grp 000 0 eng  ac1000a291.172bRAM aRamakrishnayya, M aLayman`s Guide to Interfaith Dialogue aHyderabadbHum Sab Hindustani Trustc1997 a38p aincludes index and biblioraphy2 aReports of the Conference aInterfaith Dialogue1 aRamakrishnayya, M bSRS cBK 001040708StackRoom-aHMIbHMId2007-10-29g10.00l0o291.172 RAMp11001666r2007-10-29v10.00w2005-05-24yBK c18650d18650